000 00688cam a22002291i 4500
999 _c8243
_d8243
001 1786345
003 GZU
005 20210518160103.0
008 780109s1974 rh 000 0 nic
010 _a 77555419
020 _c$1.70
040 _aDLC
_cDLC
_dDLC
050 0 0 _aPL8723.2
_b.NDH 1974
100 1 _aNdhlukula, N. P.,
_d1934-
_eauthor
245 1 0 _aIsiNdebele esiphezulu /
_csilotshwe nguN. P. Ndhlukula.
260 _aGwelo :
_bMambo Press,
_c1974.
300 _a278 p. ;
_c18 cm.
500 _aOn cover: A manual of the Ndebele language.
650 0 _aNdebele language (Zimbabwe)
906 _a7
_bcbc
_corignew
_du
_encip
_f19
_gy-gencatlg
942 _2lcc
_cBK
_h8723.2
_iNDH
_kPL